000 00529nam a22001697a 4500
003 OSt
005 20260225093948.0
008 260225b |||||||| |||| 00| 0 eng d
040 _cMRSPTU
041 _aEnglish
100 _aRamanpreet Singh, Supervisor: Dr. Manjeet Bansal
245 _aStudy of High Strength Concrete by Using Microsilica
260 _bDepartment of Civil Engg. MRSPTU, Bathinda
_c2017
650 _aCivil Engineering
856 _uhttp://163.47.215.52:8080/jspui/handle/123456789/353
942 _2ddc
_cTH
_n0
999 _c11001
_d11001